Определение рения в рудах и рудных концентратах методом инверсионной вольтамперометрии; Проблемы геологии и освоения недр

Detaylı Bibliyografya
Parent link:Проблемы геологии и освоения недр.— 2004.— С. 853-855
Yazar: Гольц Л. Г.
Diğer Yazarlar: Колпакова Н. А. (научный руководитель)
Dil:Rusça
Baskı/Yayın Bilgisi: 2004
Konular:
Materyal Türü: Kitap Bölümü
KOHA link:https://koha.lib.tpu.ru/cgi-bin/koha/opac-detail.pl?biblionumber=213491

MARC

LEADER 00000naa2a2200000 4500
001 213491
005 20231031193126.0
035 |a (RuTPU)RU\TPU\book\233287 
090 |a 213491 
100 |a 20120411d2004 k y0rusy50 ca 
101 0 |a rus 
102 |a RU 
200 1 |a Определение рения в рудах и рудных концентратах методом инверсионной вольтамперометрии  |f Л. Г. Гольц  |g науч. рук. Н. А. Колпакова 
320 |a Библиогр.: 1 назв. 
463 0 |0 (RuTPU)RU\TPU\book\77451  |y 5-89503-079-3  |t Проблемы геологии и освоения недр  |o труды Восьмого Международного симпозиума имени ак. М. А. Усова студентов и молодых ученых, посвященного 400-летию г. Томска, 5-9 апреля 2004 г., Томск  |f Администрация г. Томска; Томский политехнический университет  |v С. 853-855  |d 2004  |p 913 с. 
610 1 |a рений 
610 1 |a определение 
610 1 |a руды 
610 1 |a рудные концентраты 
610 1 |a методы определения 
610 1 |a инверсионная вольтамперометрия 
610 1 |a труды учёных ТПУ 
700 1 |a Гольц  |b Л. Г. 
702 1 |a Колпакова  |b Н. А.  |4 727 
801 1 |a RU  |b 63413507  |c 20120411 
942 |c BK